|
|
|
|
| LEADER |
01526nam a2200457Ia 4500 |
| 001 |
EBC792452 |
| 003 |
MiAaPQ |
| 005 |
20191030193400.0 |
| 006 |
m o d | |
| 007 |
cr cn||||||||| |
| 008 |
101207s2011 enka sb 001 0 eng d |
| 010 |
|
|
|z 2010046393
|
| 020 |
|
|
|z 0470689048
|
| 020 |
|
|
|z 0470980168
|
| 020 |
|
|
|z 0470980176
|
| 020 |
|
|
|z 9780470689042
|
| 020 |
|
|
|z 9780470980163
|
| 020 |
|
|
|z 9780470980170
|
| 020 |
|
|
|z 9780470980187
|
| 020 |
|
|
|a 9780470980187 (electronic bk.)
|
| 035 |
|
|
|a (MiAaPQ)EBC792452
|
| 035 |
|
|
|a (Au-PeEL)EBL792452
|
| 035 |
|
|
|a (CaPaEBR)ebr10510306
|
| 035 |
|
|
|a (CaONFJC)MIL337411
|
| 035 |
|
|
|a (OCoLC)784883473
|
| 040 |
|
|
|a MiAaPQ
|c MiAaPQ
|d MiAaPQ
|
| 050 |
|
4 |
|a HD9502.A2
|b B335 2011
|
| 082 |
0 |
4 |
|a 333.79
|2 22
|
| 100 |
1 |
|
|a Bahgat, Gawdat.
|
| 245 |
1 |
0 |
|a Energy security
|h [electronic resource] :
|b an interdisciplinary approach /
|c Gawdat Bahgat.
|
| 260 |
|
|
|a Chichester, West Sussex, U.K. :
|b Wiley,
|c 2011.
|
| 300 |
|
|
|a xxvii, 226 p. :
|b ill.
|
| 504 |
|
|
|a Includes bibliographical references and index.
|
| 533 |
|
|
|a Electronic reproduction. Ann Arbor, MI : ProQuest, 2016. Available via World Wide Web. Access may be limited to ProQuest affiliated libraries.
|
| 650 |
|
0 |
|a Energy policy.
|
| 650 |
|
0 |
|a Energy development.
|
| 650 |
|
0 |
|a Power resources.
|
| 655 |
|
4 |
|a Electronic books.
|
| 700 |
1 |
|
|a Bahgat, Gawdat.
|
| 710 |
2 |
|
|a ProQuest (Firm)
|
| 856 |
4 |
0 |
|u https://ebookcentral.proquest.com/lib/matrademy/detail.action?docID=792452
|z Click to View
|